Sports Quiz

Random Sports or Soccer Quiz

Worst Wins/Games ratio in Champions League since 08/09 Quiz Stats

 Plays Quiz not verified by Sporcle

Support Sporcle.
Go Orange.
Score 0/24 Timer 04:00
0 Plays Today
Wins per Games Team % Correct
21/60 Olympique Lyonnais
98.9%
9/26Sporting CP
94.4%
24/70 SL Benfica
94.4%
6/32 Celtic Glasgow
93.3%
3/24RSC Anderlecht
93.3%
4/26 PSV Eindhoven
93.3%
15/48FC Basel
93.3%
11/36Olympique Marseille
92.2%
1/18Club Brugge
91.1%
9/42 Galatasaray Istanbul
91.1%
14/54 CSKA Moscow
90%
12/42 AC Milan
90%
Wins per Games Team % Correct
2/30Dinamo Zagreb
88.9%
2/18LOSC Lille
87.8%
6/20Besiktas Istanbul
87.8%
6/20FC Copenhagen
85.6%
5/18 Spartak Moscow
85.6%
3/28APOEL Nicosia
84.4%
8/32 Dynamo Kyiv
84.4%
10/34 AS Monaco
83.3%
15/44 Bayer 04 Leverkusen
80%
4/30 BATE Borisov
74.4%
4/18 Viktoria Plzen
63.3%
5/18 CFR Cluj
62.2%

You're not logged in!

Compare scores with friends on all Sporcle quizzes.
OR
Log In

From the Vault

Remove Ads.
Support Sporcle.
Get the best of Sporcle when you Go Orange. This ad-free experience offers more features, more stats, and more fun while also helping to support Sporcle. Thank you for becoming a member.

Show Comments

Extras

Top Quizzes Today


Score Distribution

Your Account Isn't Verified!

In order to create a playlist on Sporcle, you need to verify the email address you used during registration. Go to your Sporcle Settings to finish the process.

Report this User

Report this user for behavior that violates our Community Guidelines.

Details: